000 00584nam a2200217Ia 4500
003 OSt
005 20220928140004.0
006 a|||||r|||| 00| 0
007 ta
008 220927b |||||||| |||| 00| 0 eng d
024 _a5945
037 _cTextual
040 _aSDCL
_cSDCL
_beng
041 _2eng
_aeng
082 _aO-,2J64,51:g, L7
100 _aReibetanz John
_9493497
245 0 _aLear world
_b A study of King Lear in its dramatic context.
260 _c1977
942 _hO-,2J64,51:g, L7
_cTEXL
_2CC
999 _c809324
_d809324